English Critical Essays : (Record no. 260538)
[ view plain ]
| 000 -LEADER | |
|---|---|
| fixed length control field | 01813cam a22002893a 4500 |
| 001 - CONTROL NUMBER | |
| control field | 31283 |
| 003 - CONTROL NUMBER IDENTIFIER | |
| control field | PGUSA |
| 005 - DATE AND TIME OF LATEST TRANSACTION | |
| control field | 20140828083657.0 |
| 008 - FIXED-LENGTH DATA ELEMENTS--GENERAL INFORMATION | |
| fixed length control field | 100215s2010||||xxu|||||s|||||000 p eng d |
| 040 ## - CATALOGING SOURCE | |
| Original cataloging agency | PGUSA |
| Language of cataloging | eng |
| 042 ## - AUTHENTICATION CODE | |
| Authentication code | dc |
| 050 #4 - LIBRARY OF CONGRESS CALL NUMBER | |
| Classification number | PR |
| 245 10 - TITLE STATEMENT | |
| Title | English Critical Essays : |
| Remainder of title | Nineteenth Century |
| Medium | [electronic resource] |
| 260 ## - PUBLICATION, DISTRIBUTION, ETC. (IMPRINT) | |
| Name of publisher, distributor, etc | Project Gutenberg, |
| Date of publication, distribution, etc | 2010 |
| 505 0# - FORMATTED CONTENTS NOTE | |
| Formatted contents note | Poetry and poetic diction, by W. Wordsworth -- Wordsworth's theory of diction, by S. T. Coleridge -- Metrical composition, by S. T. Coleridge -- The Canterbury pilgrims, by W. Blake -- On the tragedies of Shakespeare, considered with reference to their fitness for stage representation, by C. Lamb -- A defence of poetry, by P. B. Shelley -- My first acquaintance with poets, by W. Hazlitt -- Sacred poetry, by J. Keble -- Poetry with reference to Aristotle's Poetics, by J. H. Newman -- The hero as poet. Dante; Shakespeare, by T. Carlyle -- An answer to the question, what is poetry? By J. H. L. Hunt -- The choice of subjects in poetry, by M. Arnold -- Of the pathetic fallacy, by J. Ruskin -- Thoughts on poetry and its varieties, by J. S. Mill -- Wordsworth, Tennyson, and Browning; or, Pure, ornate, and grotesque art in English poetry, by W. Bagehot -- Coleridge's writings, by W. H. Pater -- Shakespeare; or, The poet, by R. W. Emerson -- Wordsworth, by J. R. Lowell. |
| 506 ## - RESTRICTIONS ON ACCESS NOTE | |
| Terms governing access | Public domain in the USA. |
| 516 ## - TYPE OF COMPUTER FILE OR DATA NOTE | |
| Type of computer file or data note | Electronic text |
| 653 ## - INDEX TERM--UNCONTROLLED | |
| Uncontrolled term | Criticism |
| 653 ## - INDEX TERM--UNCONTROLLED | |
| Uncontrolled term | English essays |
| 653 ## - INDEX TERM--UNCONTROLLED | |
| Uncontrolled term | English poetry -- 19th century -- History and criticism |
| 653 ## - INDEX TERM--UNCONTROLLED | |
| Uncontrolled term | Poetry |
| 700 1# - ADDED ENTRY--PERSONAL NAME | |
| Personal name | Jones, Edmund D. |
| Fuller form of name | (Edmund David), |
| Dates associated with a name | 1869-1941 |
| 740 0# - ADDED ENTRY--UNCONTROLLED RELATED/ANALYTICAL TITLE | |
| Uncontrolled related/analytical title | English Critical Essays: 19th Century |
| 830 #0 - SERIES ADDED ENTRY--UNIFORM TITLE | |
| Uniform title | Project Gutenberg |
| Volume number/sequential designation | 31283 |
| 856 40 - ELECTRONIC LOCATION AND ACCESS | |
| Uniform Resource Identifier | <a href="http://www.gutenberg.org/ebooks/31283">http://www.gutenberg.org/ebooks/31283</a> |
| 942 ## - ADDED ENTRY ELEMENTS (KOHA) | |
| Koha item type | eBooks |
| Withdrawn status | Lost status | Damaged status | Home library | Current library | Date acquired | Total Checkouts | Date last seen | Price effective from | Koha item type |
|---|---|---|---|---|---|---|---|---|---|
| Project Gutenberg | Project Gutenberg | 08/28/2014 | 08/28/2014 | 08/28/2014 | eBooks |